Movie Adaptations by Source - Statistics

General Stats
  • This quiz has been taken 16 times
  • The average score is 15 of 25
Answer Stats
Question Answer % Correct
Back to the Future (1985) is based on... an Original Idea
93%
Jurassic Park is based on... a Novel
93%
Oppenheimer (2023) is based on... Real Events
93%
Alita: Battle Angel (2019) is based on... a Comic Book
86%
West Side Story (1961) is based on... a Stage Play
86%
The Greatest Showman (2017) is based on... Real Events
86%
The Adventures of Tintin (2011) is based on... a Comic Book
79%
The Parent Trap (1998) is based on... an Older Movie
79%
Knives Out (2019) is based on... an Original Idea
71%
The Martian (2015) is based on... a Novel
71%
The Bourne Identity (2002) is based on... a Novel
71%
Scott Pilgrim vs The World (2010) is based on... a Comic Book
64%
Everything Everywhere All at Once (2022) is based on... an Original Idea
64%
How to Train Your Dragon (2010) is based on... a Novel
57%
12 Angry Men (1957) is based on... a Stage Play
57%
Scarface (1983) is based on... an Older Movie
50%
There Will Be Blood (2007) is based on... a Novel
50%
The Seven Year Itch (1955) is based on... a Stage Play
50%
300 (2006) is based on... a Comic Book
43%
Dead Poets Society (1989) is based on... an Original Idea
43%
Edge of Tomorrow (2014) is based on... a Novel
21%
Amadeus (1984) is based on... a Stage Play
21%
The Man Who Knew Too Much (1956) is based on... an Older Movie
14%
Eat Pray Love (2010) is based on... Real Events
14%
Peter Pan (1953) is based on... a Stage Play
7%
No matching quizzes found
Score Distribution
Percent of People with Each Score
Percentile by Number Answered
Your Score History
You have not taken this quiz